Revista del Derecho : (Record no. 22104)

000 -CABECERA
fixed length control field 01399nam a22002537a 4500
003 - IDENTIFICADOR DEL NÚMERO DE CONTROL
control field AR-CdUCM
008 - DATOS DE LONGITUD FIJA--INFORMACIÓN GENERAL
fixed length control field 190425b ||||| |||| 00| 0 spa d
040 ## - FUENTE DE LA CATALOGACIÓN
Agencia/entidad que catalogó originalmente la obra MUNICIPALIDAD PROVINCIAL DEL CUSCO
Entidad que transcribió la catalogación BIBLIOTECA MUNICIPAL DEL CUSCO
082 ## - NÚMERO DE LA CLASIFICACIÓN DECIMAL DEWEY
No. de Clasificación Rev.Derecho/N°87/1939
110 ## - ENTRADA PRINCIPAL--NOMBRE DE ENTIDAD CORPORATIVA
Nombre de la institución, jurisdicción como entrada principal Colegio de abogados del Cuzco
9 (RLIN) 47449
245 ## - MENCIÓN DE TÍTULO
Título Revista del Derecho :
Resto del título órgano del colegio de abogados /
Mención de responsabilidad Colegio de abogados del Cuzco
260 ## - PUBLICACIÓN, DISTRIBUCIÓN, ETC.
Lugar de publicación, distribución, etc. Cusco :
Nombre de la editorial, distribuidor, etc. H.G. Rozas,
Fecha de publicación, distribución, etc. 1939.
300 ## - DESCRIPCIÓN FÍSICA
Nº de Páginas Extensión 154 páginas. :
Dimensiones 25 cm.
440 ## - MENCIÓN DE SERIE/PUNTO DE ACCESO ADICIONAL--TÍTULO
Título Revista del Derecho órgano del colegio de abogados.
Número de la parte/sección de una obra Año XVII, abril de 1939, N°87
9 (RLIN) 47450
505 ## - NOTA DE CONTENIDO CON FORMATO
Nota de contenido formateada Contenido: Contribución a la solución del problema indígena. Wenceslao Mujica. -- Relación de cuestiones nuevas promovidas en 2° instancia. César A. Muñiz. -- La incorporación jurídica del indio. Rafael Lechuga. -- La anotación en las demandas en los registros públicos. -- Las comunidades indígenas. Jorge Cornejo Bouroncle. -- El plebiscito en las comunidades indígenas. Alfredo Rodríguez. -- La Ciencia. Pío Benjamín Diaz. -- Homenaje al Inca Garcilaso de la Vega.
650 ## - PUNTO DE ACCESO ADICIONAL DE MATERIA--TÉRMINO DE MATERIA
Descriptor Legislación del trabajo
9 (RLIN) 30756
650 ## - PUNTO DE ACCESO ADICIONAL DE MATERIA--TÉRMINO DE MATERIA
Descriptor Comunidades indígenas
9 (RLIN) 3290
650 ## - PUNTO DE ACCESO ADICIONAL DE MATERIA--TÉRMINO DE MATERIA
Descriptor Aborígenes peruanos
9 (RLIN) 29820
650 ## - PUNTO DE ACCESO ADICIONAL DE MATERIA--TÉRMINO DE MATERIA
Descriptor Derecho Social
9 (RLIN) 46681
700 ## - PUNTO DE ACCESO ADICIONAL--NOMBRE DE PERSONA
Nombre Personal Muñiz, Cesar
9 (RLIN) 45904
700 ## - PUNTO DE ACCESO ADICIONAL--NOMBRE DE PERSONA
Nombre Personal Mujica, Wenceslao
9 (RLIN) 47451
942 ## - ELEMENTOS DE PUNTO DE ACCESO ADICIONAL (KOHA)
Fuente de clasificación
Tipo de item Revistas cusqueñas
945 ## - PROCESAMIENTO DE INFORMACIÓN LOCAL (OCLC)
Catalogador rac
Holdings
Estado de retiro (separado) Fuente de clasificación o esquema de estanterías Estado dañado Ubicación Sala donde se ubica Nombre de la colección Fecha de adquisición o compra Costo, precio normal en soles Signatura topográfica Código de Barras Última vez visto (Koha) Tipo de ítem (Koha)
No     Sala Hemeroteca Sala Hemeroteca Book Cart 2022-03-07 10.00 Rev.Derecho/N°87/1939 REVC000674 2022-03-07 Revistas cusqueñas

Powered by Koha